[Event "Memorial Romana Baka"]
[Site "Chorzow"]
[Date "2016.09.19"]
[Round "5.5"]
[White "Rak, Dariusz"]
[Black "Pawlowski, Maciej"]
[Result "0-1"]
[BlackElo "2006"]
[WhiteElo "1773"]
[LiveChessVersion "1.4.8"]

1. e4 {[%clk 1:30:54]} d6 {[%clk 1:30:50]} 2. d4 {[%clk 1:30:54]} Nf6
{[%clk 1:31:11]} 3. Nc3 {[%clk 1:30:38]} Nbd7 {[%clk 1:31:34]} 4. f4
{[%clk 1:27:30]} e5 {[%clk 1:31:48]} 5. fxe5 {[%clk 1:27:09]} dxe5
{[%clk 1:32:11]} 6. d5 {[%clk 1:26:08]} Bb4 {[%clk 1:29:22]} 7. Bg5
{[%clk 1:19:22]} h6 {[%clk 1:18:34]} 8. Bxf6 {[%clk 1:19:03]} Qxf6
{[%clk 1:17:52]} 9. Bd3 {[%clk 1:18:14]} O-O {[%clk 1:17:04]} 10. Qf3
{[%clk 1:17:44]} Qb6 {[%clk 1:14:58]} 11. Nge2 {[%clk 1:14:13]} Nf6
{[%clk 1:06:43]} 12. h3 {[%clk 1:13:21]} c6 {[%clk 0:57:24]} 13. a3
{[%clk 1:04:27]} Bxc3+ {[%clk 0:53:18]} 14. bxc3 {[%clk 1:04:42]} cxd5
{[%clk 0:53:40]} 15. exd5 {[%clk 1:04:55]} Qc5 {[%clk 0:52:43]} 16. c4
{[%clk 1:03:32]} Re8 {[%clk 0:50:47]} 17. Be4 {[%clk 0:51:02]} Qxc4
{[%clk 0:48:53]} 18. Ng3 {[%clk 0:46:46]} h5 {[%clk 0:39:03]} 19. O-O-O
{[%clk 0:42:32]} h4 {[%clk 0:36:51]} 20. Bd3 {[%clk 0:41:40]} Qc5
{[%clk 0:34:20]} 21. Ne4 {[%clk 0:30:49]} Qxa3+ {[%clk 0:34:29]} 22. Kb1
{[%clk 0:30:56]} Qb4+ {[%clk 0:32:28]} 23. Kc1 {[%clk 0:31:08]} Nxe4
{[%clk 0:28:36]} 24. Bxe4 {[%clk 0:31:24]} f5 {[%clk 0:25:57]} 25. Qh5
{[%clk 0:22:08]} Rf8 {[%clk 0:25:56]} 26. Bd3 {[%clk 0:22:06]} Bd7
{[%clk 0:24:10]} 27. Rhf1 {[%clk 0:20:56]} e4 {[%clk 0:24:25]} 28. Be2
{[%clk 0:20:02]} Rac8 {[%clk 0:24:34]} 29. Rde1 {[%clk 0:17:55]} Rxc2+
{[%clk 0:24:06]} 0-1

[Event "Memorial Romana Baka"]
[Site "Chorzow"]
[Date "2016.09.19"]
[Round "5.6"]
[White "Katolik, Kamil"]
[Black "Slezinski, Nikodem"]
[Result "0-1"]
[BlackElo "1984"]
[WhiteElo "1679"]
[LiveChessVersion "1.4.8"]

1. Nf3 {[%clk 1:30:57]} Nf6 {[%clk 1:30:55]} 2. g3 {[%clk 1:31:21]} d5
{[%clk 1:31:21]} 3. Bg2 {[%clk 1:31:47]} e6 {[%clk 1:31:49]} 4. O-O
{[%clk 1:32:08]} Be7 {[%clk 1:32:17]} 5. d3 {[%clk 1:32:27]} O-O {[%clk 1:32:38]}
6. Nbd2 {[%clk 1:32:50]} c5 {[%clk 1:31:51]} 7. c3 {[%clk 1:31:54]} Nc6
{[%clk 1:32:15]} 8. Qc2 {[%clk 1:30:36]} Qc7 {[%clk 1:30:33]} 9. e4
{[%clk 1:27:47]} b5 {[%clk 1:28:07]} 10. Re1 {[%clk 1:21:14]} Bb7
{[%clk 1:22:22]} 11. Nf1 {[%clk 1:16:44]} Rfd8 {[%clk 1:12:11]} 12. Bg5
{[%clk 1:11:27]} h6 {[%clk 1:08:28]} 13. Be3 {[%clk 1:10:32]} Rac8
{[%clk 1:01:36]} 14. Rad1 {[%clk 1:02:25]} Qa5 {[%clk 0:52:29]} 15. exd5
{[%clk 0:54:22]} Nxd5 {[%clk 0:52:12]} 16. a3 {[%clk 0:52:31]} Ba8
{[%clk 0:40:50]} 17. Bd2 {[%clk 0:50:09]} Qb6 {[%clk 0:38:04]} 18. Ne3
{[%clk 0:49:30]} Nxe3 {[%clk 0:36:57]} 19. Bxe3 {[%clk 0:49:53]} Nd4
{[%clk 0:32:24]} 20. Nxd4 {[%clk 0:41:47]} Bxg2 {[%clk 0:21:02]} 21. Nxe6
{[%clk 0:42:01]} Bf3 {[%clk 0:21:02]} 22. Nxd8 {[%clk 0:42:00]} Qxd8
{[%clk 0:21:21]} 23. d4 {[%clk 0:40:29]} Qd7 {[%clk 0:21:32]} 24. Qe2
{[%clk 0:38:19]} Bxe2 {[%clk 0:21:59]} 25. Rxe2 {[%clk 0:38:40]} Qg4
{[%clk 0:21:50]} 26. Rdd2 {[%clk 0:38:26]} b4 {[%clk 0:21:35]} 27. axb4
{[%clk 0:35:33]} cxb4 {[%clk 0:21:58]} 28. d5 {[%clk 0:34:51]} bxc3
{[%clk 0:22:12]} 29. bxc3 {[%clk 0:35:13]} Rxc3 {[%clk 0:22:24]} 30. d6
{[%clk 0:35:26]} Bxd6 {[%clk 0:22:37]} 31. Bxa7 {[%clk 0:35:35]} Qf3
{[%clk 0:21:52]} 32. Re1 {[%clk 0:34:30]} Bc5 {[%clk 0:21:25]} 33. Bb8
{[%clk 0:34:16]} Rd3 {[%clk 0:21:14]} 34. Rde2 {[%clk 0:32:37]} Rd1
{[%clk 0:20:36]} 0-1